Rhymes With Out - Statistics

General Stats
  • This quiz has been taken 299 times
  • The average score is 15 of 18
Answer Stats
Hint Answer % Correct
B Bout
95%
P Pout
95%
D Doubt
93%
G Gout
91%
L Lout
91%
C Clout
89%
R Route
89%
S Shout
87%
T Trout
86%
T Tout
85%
S Stout
84%
G Grout
83%
D Drought
81%
S Spout
81%
S Snout
77%
S Scout
76%
F Flout
73%
S Sprout
66%
No matching quizzes found
Score Distribution
Percent of People with Each Score
Percentile by Number Answered
Your Score History
You have not taken this quiz